Comités de convivencia escolar democrática: materiales de apoyo en proceso de validación, elementos para la promoción de diálogos

Uloženo v:
Podrobná bibliografie
Korporace: ACHNU (Autor), PRODENI (Autor), Asociación Chilena Pro Naciones Unidas (Autor)
Médium: Kniha
Jazyk:španělština
Vydáno: Santiago Ministerio de Educación 2001
Témata:
Tagy: Přidat tag
Žádné tagy, Buďte první, kdo vytvoří štítek k tomuto záznamu!

MARC

LEADER 00000nam a2200000 a 4500
001 UCK0764
003 CL-VaPUC
008 041022e20010000CL |||||||||||||||||spa|d
082 0 4 |a 370.115  |b ACH  |2 21 
110 2 |a ACHNU  |e author  |9 488634 
710 2 |a PRODENI  |e author  |9 488635 
710 2 |a Asociación Chilena Pro Naciones Unidas  |e author  |9 488636 
245 1 0 |a Comités de convivencia escolar democrática: materiales de apoyo en proceso de validación, elementos para la promoción de diálogos 
300 |a 88 p 
942 |c BK 
945 |d 20041022 00:00:00  |a cmena 
260 |a Santiago  |b Ministerio de Educación  |c 2001 
650 0 |a Democracia  |9 255256 
650 0 |a Planificación del currículo  |9 269599 
650 0 |a Métodos de enseñanza  |9 270413 
650 7 |a TRABAJO EN GRUPO  |2 CL-VaPUC  |9 488637 
583 |a last modification  |c 20041022 00:00:00  |k Rodrigo Vera 
999 |c 311036  |d 311034 
952 |0 0  |1 0  |4 0  |6 370_115000000000000_ACH_2001  |7 0  |8 A  |9 380217  |a BIBEDU  |b BIBEDU  |d 2019-11-21  |i 4060474  |o 370.115 ACH 2001  |p 4060474  |r 2019-11-21  |w 2019-11-21  |y BK  |k EPE